Systém zásobovania pitnou vodou a odvádzania odpadových vôd v individuálnej bytovej zástavbe

Gespeichert in:
Bibliographische Detailangaben
1. Verfasser: Jamnický, Andrej (Verfasst von)
Weitere Verfasser: Hrudka, Jaroslav (Betreuung Doktorarbeit)
Format: Manuskript Buch
Sprache:Slowakisch
Veröffentlicht: 2025
Schlagworte:
Online-Zugang:http://is.stuba.sk/zp/portal_zp.pl?podrobnosti=193553
CRZP
Tags: Tag hinzufügen
Keine Tags, Fügen Sie das erste Tag hinzu!

MARC

LEADER 00000ntm a22000003a 4500
001 stuzp105377
003 SK-STU
005 20250724134614.5
007 ta
008 150427s2015----xo-----f-mn---000-0-slo-d
040 |a STU  |b slo 
041 0 |a slo 
100 1 |a Jamnický, Andrej  |u 010280  |4 aut  |U SvF Stavebná fakulta  |T SvF Katedra zdravotného inžinierstva  |X 98175  |U V280  |Y 29  |7 98175 
242 0 1 |a Water supply and wastewater network in individual housing development  |y eng 
245 1 0 |a Systém zásobovania pitnou vodou a odvádzania odpadových vôd v individuálnej bytovej zástavbe 
260 |c 2025 
650 4 |a kanalizácia  |2 slo 
650 4 |a splašková kanalizácia  |2 slo 
650 4 |a verejný vodovod  |2 slo 
650 4 |a water supply  |2 eng 
650 4 |a sawage  |2 eng 
650 4 |a dimension  |2 eng 
700 1 |a Hrudka, Jaroslav  |u 010280  |k Z1  |4 ths  |U SvF Stavebná fakulta  |T SvF Katedra zdravotného inžinierstva  |X 50522  |U V280  |Y 29  |7 A000050522 
856 4 |u http://is.stuba.sk/zp/portal_zp.pl?podrobnosti=193553 
856 4 |u https://opac.crzp.sk/?fn=detailBiblioForm&sid=C9A1C75A261DD259FD81411E26A3  |z CRZP